Score 0/20 Timer 02:00
0 Plays Today
countries country % Correct
CHNCHINA
98.8%
MXCMEXICO
96.3%
GRMNYGERMANY
92%
JPNJAPAN
89%
NPLNEPAL
88.8%
FRNCFRANCE
88.5%
BLVBOLIVIA
87.1%
PLNDPOLAND
83.1%
TWNTAIWAN
81.5%
KNYKENYA
80.6%
countries country % Correct
SLVKSLOVAKIA
79.9%
ZMBZAMBIA
79.6%
LBYLIBYA
78.7%
MCDNMACEDONIA
74.9%
GRGGEORGIA
69.6%
RNIRAN
61.8%
NGLANGOLA
61.1%
MNOMAN
60.9%
LBNALBANIA
55.5%
RTRERITREA
46.1%
Remove Ads.
Support Sporcle.
Get the best of Sporcle when you Go Orange. This ad-free experience offers more features, more stats, and more fun while also helping to support Sporcle. Thank you for becoming a member.

You're not logged in!

Compare scores with friends on all Sporcle quizzes.
OR
Log In

Show Comments

Extras

Created Nov 13, 2010ReportNominate
Tags:Country Quiz

Top Quizzes Today


Score Distribution

Your Account Isn't Verified!

In order to create a playlist on Sporcle, you need to verify the email address you used during registration. Go to your Sporcle Settings to finish the process.

Report this User

Report this user for behavior that violates our Community Guidelines.

Details: